Comic Artists by Series Quiz Stats

 Plays Quiz not verified by Sporcle

Challenge
Share
Tweet
Embed
Score 0/18 Timer 03:00
0 Plays Today
Series Artist % Correct
WatchmenDave Gibbons
92.2%
Kingdom ComeAlex Ross
91.4%
Wolverine (1982)Frank Miller
84.4%
Crisis on Infinite EarthsGeorge Perez
83.6%
Kick-AssJohn Romita Jr.
82.8%
Batman: The Long HalloweenTim Sale
81.3%
Ultimate Spider-ManMark Bagley and Stuart Immonen
72.7%
WE3Frank Quitely
71.9%
PreacherSteve Dillon
70.3%
Series Artist % Correct
Batman: Year OneDavid Mazzucchelli
69.5%
Civil WarSteve McNiven
64.1%
Blackest NightIvan Reis
57.8%
PlanetaryJohn Cassaday
57%
The Walking DeadTony Moore and Charlie Adlard
55.5%
Secret WarsMike Zeck
52.3%
Ex MachinaTony Harris
47.7%
House of MOlivier Coipel
46.1%
WantedJ.G. Jones
38.3%

You're not logged in!

Compare scores with friends on all Sporcle quizzes.
Join for Free
OR
Log In

You Might Also Like...

Show Comments

Extras

Top Quizzes Today


Score Distribution

Your Account Isn't Verified!

In order to create a playlist on Sporcle, you need to verify the email address you used during registration. Go to your Sporcle Settings to finish the process.

Report this User

Report this user for behavior that violates our Community Guidelines.

Details: